<?xml version="1.0" encoding="UTF-8"?>
<collection xmlns="http://www.loc.gov/MARC21/slim">
  <record>
    <leader>00000nam  2200000   4500</leader>
    <controlfield tag="001">INLIS000000000045697</controlfield>
    <controlfield tag="005">20150209090532.0</controlfield>
    <controlfield tag="006"/>
    <controlfield tag="007"/>
    <controlfield tag="008">                                        </controlfield>
    <datafield tag="020" ind1="#" ind2="#">
      <subfield code="a">978-602-8214-61-7</subfield>
    </datafield>
    <datafield tag="035" ind1="#" ind2="#">
      <subfield code="0">010-021500000000257</subfield>
    </datafield>
    <datafield tag="040" ind1="#" ind2="#">
      <subfield code="a">NBPDMAT</subfield>
    </datafield>
    <datafield tag="082" ind1="#" ind2="#">
      <subfield code="a">662.87</subfield>
    </datafield>
    <datafield tag="090" ind1="#" ind2="#">
      <subfield code="a">662.87</subfield>
      <subfield code="b">Ene e</subfield>
    </datafield>
    <datafield tag="100" ind1="#" ind2="#">
      <subfield code="a">Tim Cahaya</subfield>
    </datafield>
    <datafield tag="245" ind1="#" ind2="#">
      <subfield code="a">Energi Alternatif</subfield>
      <subfield code="b">Sekam /</subfield>
      <subfield code="c">Penyusun Tim Cahaya; Editor, Triyani</subfield>
    </datafield>
    <datafield tag="250" ind1="#" ind2="#">
      <subfield code="a">Cet. 1</subfield>
    </datafield>
    <datafield tag="260" ind1="#" ind2="#">
      <subfield code="a">Jakarta :</subfield>
      <subfield code="b">Nobel Edumedia,</subfield>
      <subfield code="c">2008</subfield>
    </datafield>
    <datafield tag="300" ind1="#" ind2="#">
      <subfield code="a">vi, 40 hlm</subfield>
      <subfield code="b">Ilus</subfield>
      <subfield code="c">21 cm</subfield>
    </datafield>
    <datafield tag="500" ind1="#" ind2="#">
      <subfield code="a">Bibliografi : hal. 40</subfield>
    </datafield>
    <datafield tag="650" ind1="#" ind2="#">
      <subfield code="a">Sekam</subfield>
    </datafield>
    <datafield tag="700" ind1="#" ind2="#">
      <subfield code="a">Tim Cahaya</subfield>
    </datafield>
    <datafield tag="700" ind1="#" ind2="#">
      <subfield code="a">Triyani</subfield>
    </datafield>
  </record>
</collection>
